000 00485nam a22001817a 4500
999 _c6222
_d6220
005 20210824124323.0
008 200517b xxu||||| |||| 00| 0 eng d
020 _a9789388327534
041 _aeng
082 _a615.3 KAR
100 _aKAR ASHUTOSH
_95122
245 _aEssentials of Bioopharmacetics and pharmacokinetics
_cAshutosh Kar
250 _a1'st
260 _aNew Delhi
_bCBS Publishers and distributors
_c2019
300 _a446
650 _aPharmacy
_96571
942 _cBK